Batman Villains Quiz. - Statistics

General Stats
  • This quiz has been taken 221 times
  • The average score is 10 of 15
Answer Stats
Linked Character Quote Character % Correct
"I always have the last laugh Batman!" The Joker
99%
"Riddle me this, Batman!" The Riddler
97%
"I'll flip a coin." Two Face
97%
"Cat got your tongue?" Catwoman
96%
"Feel the fear." Scarecrow
92%
"A magician takes a rabbit from his hat... I pull out a gas gun." Mad Hatter
81%
"WHERE IS HE?!" Bane
77%
"Stop right there." Mr. Freeze
75%
"Hello, old friend..." The Penguin
69%
"A single soul, dwelling in to bodies." Hush
52%
"I do for the greater good." Ra's Al Ghul
52%
"You are officially sane." Hugo Strange
51%
"I am the force of nature unto myself." Clayface
39%
"I kill for one reason only doctor..." Victor Zsasz
33%
"I can breathe with no oxygen, can you?" Firefly
19%
No matching quizzes found
Score Distribution
Percent of People with Each Score
Percentile by Number Answered
Your Score History
You have not taken this quiz